00952nam a22002057i 4500003000900000008004100009020002200050040007100072082002400143100002600167245009100193260001900284300003000303500003900333505029300372650002000665650002600685650002000711650001500731AR-CdUCM241104b20212021 pe||||| |||| 00| 0 spa d a978-612-00-7162-5 aMUNICIPALIDAD PROVINCIAL DEL CUSCOcBIBLIOTECA MUNICIPAL DEL CUSCO a985.0191 / V21bV21 aValer Farfan, Amadeo  aDe la vida y obras de lo gobernantes Inkas : bEl libro del bicentenario del Perú /  aCusco : c2021 a157 páginas. :c24 cm  zBibliografía: páginas 158-159 aOrigen mítico de la sociedad Inka y sus posibles ubicaciones geográficas actuales -- Los gobernantes míticos e históricos de las dinastías urin y hanan en su pugna por el poder -- La guerra civil Inka, decadencia y la intromisión europea -- La gran recistencia patriotica Inka aOrigen mítico aLos gobernantes Inkas aGuerra cil Inka aTaki Onqoy